1358 1095 1483 1382 1984 1482 1110 1145 1733 1804 1038 1997 1163 1159 1235 1901 1041 1945 1140 1397 1867 1049 1133 1371 1146 1488 1473 1501 1235 1031 1313 1064 1929 1880 1336 1193 1157 1179 1437 1156 1725 1769 1128 1835 1930 1835 1799 1597 1908 1797 1754 1446 1233 1202 1176 1254 1002 1099 1292 1494 1802 1464 1226 1328 1538 1378 1115 1203 1450 1019 1763 1527 1297 1896 1562 1812 1718 1964 1336 1079 1417 1166 1281 1883 1775 1357 1176 1303 1511 1063 1589 1435 1150 1252 1692 1360 1789 1643 1897 BCNSPRNW ULIB Ver.6.0+V

เปลี่ยนเป็นภาษาไทย

Change to English
 แสดงรายละเอียดบรรณานุกรม
  กลับหน้าหลัก

Brief Record : Get Marc (ISO 2709) : E-mail record : QR code < ปิดหน้าต่าง
LEADER : 00000nam 2200000uu 4500
001    13399120068
003     ULIB
008    120828s2555||||th 000 0 tha d
020    ^a9749094824 (ล.3)
020    9789749094822(ล.3)
040    ^abra
060 04 ^aQV4^bภ781 ล.3
245 00 ^aเภสัชวิทยา^nเล่ม 3 =^bPharmacology III /^cบรรณาธิการ,พยงค์ เทพอักษร, โพยม วงศ์ภูวรักษ์
246 31 ^aPharmacology III
250    ^aพิมพ์ครั้งที่ 2
260    ^aนนทบุรี :^bโครงการสวัสดิการวิชาการ สถาบันพระบรมราชชนก,^c2555
300    ^a510 หน้า :^bภาพประกอบ ;^c27 ซม.
650  2 ^aPharmacology
650  7 ^aเภสัชวิทยา
700 0  ^aพยงค์ เทพอักษร,^eบรรณาธิการ
700 0  ^aโพยม วงศ์ภูวรักษ์,^eบรรณาธิการ
710 2  ^aสถาบันพระบรมราชชนก. ^bโครงการสวัสดิการวิชาการ
945    ^p250^l0^i032596
945    ^p250^l0^i032597
945    ^p250^l0^i032598
995    ^aทศพร
999    ^aทศพร
รายการนี้ยังไม่มีแท็ก
คุณยังไม่ได้ล็อกอิน คุณสามารถมีกิจกรรมร่วมกับเว็บไซต์ได้ แต่ต้องล็อกอินก่อน ::
  ล็อกอิน

รายการสื่อสารสนเทศ

ลำดับที่ ประเภท เลขเรียก/บาร์โค้ด สถานที่ สถานะ
1. วิทยาศาสตร์การแพทย์ และสุขภาพ
หนังสือสำรอง
สถานะ=หนังสือสำรอง
QV4 ภ781 ล.3 ฉ.1 
  Barcode: 032596
ห้องสมุดวิทยาเขตสวรรค์ประชารักษ์
►ส่วนจัดเก็บหนังสือเก่า สปร
บนชั้น
  ขอยืม
2. วิทยาศาสตร์การแพทย์ และสุขภาพ
วิทยาศาสตร์การแพทย์ และสุขภาพ
QV4 ภ781 ล.3 ฉ.2 
  Barcode: 032597
ห้องสมุดวิทยาเขตสวรรค์ประชารักษ์
►ส่วนจัดเก็บหนังสือเก่า สปร
บนชั้น
  ขอยืม
3. วิทยาศาสตร์การแพทย์ และสุขภาพ
วิทยาศาสตร์การแพทย์ และสุขภาพ
QV4 ภ781 ล.3 ฉ.3 
  Barcode: 032598
ห้องสมุดวิทยาเขตสวรรค์ประชารักษ์
►ส่วนจัดเก็บหนังสือเก่า สปร
บนชั้น
  ขอยืม

รายการใกล้เคียง
    หัวเรื่อง [Pharmacology]
    หัวเรื่อง [เภสัชวิทยา]

BibComment


ยังไม่เคยถูกคอมเมนท์

คอมเมนท์ทรัพยากรรายการนี้
  คอมเมนท์: เภสัชวิทยา เล่ม ..


 Copyright 2026. Bcnsprnw @Library